| 000 | 01351nam a2200253Ia 4500 | ||
|---|---|---|---|
| 999 |
_c41308 _d41308 |
||
| 001 | 7965 | ||
| 003 | GE_BSU | ||
| 005 | 20221003143056.0 | ||
| 008 | 181216s2013ge xx |||||||||||||| ||geo|| | ||
| 020 | _a9789941434419. | ||
| 040 | _cGE_BSU | ||
| 041 | _ageo | ||
| 080 | _a94(479.223)+325 ვ-21 | ||
| 100 |
_aვარდამანიძე, ჯუმბერ. _914965 |
||
| 245 |
_aმუჰაჯირობა სამხრეთ-დასავლეთ საქართველოში : _b(XIX საუკუნის 30-80-იანი წლები) / _cჯუმბერ ვარდამანიძე, რედ: მალხაზ ჩოხარაძე; ზაზა შაშიკაძე. |
||
| 264 |
_aბათუმი : _bშოთა რუსთაველის სახელმწ.უნ-ტის გამ-ბა, _c2013. |
||
| 300 |
_a180 გვ; _c19 სმ. |
||
| 504 | _aბიბლიოგრაფ:გვ.172-178. | ||
| 653 | _aმუჰაჯირობა სამხრეთ-დასავლეთ საქართველოში. | ||
| 653 | _aისტორია | ||
| 700 |
_aჩოხარაძე, მალხაზ _eრედაქტორი _914966 |
||
| 700 |
_aშაშიკაძე, ზაზა _eრედაქტორი _914967 |
||
| 942 |
_cBK _2udc |
||